Представление документа в формате RUSMARC

ПолеНазваниеЗначение
  Тип записи c
  Библиографический уровень m
001 Контрольный номер RU/УОНБ/EK_N/454249658
005 Дата корректировки 20251028102529.3
100 Данные общей обработки __
a Данные общей обработки 20140524d1985 u y0rusy0189||||ca
101 Язык документа 0_
a Язык текста rus
102 Страна публикации __
a Страна публикации UA
105 Кодированные данные (монография) __
a Кодированные данные (монография) y###||||000|y
200 Заглавие и сведения об ответственности 1_
a Заглавие Хорошо темперированный клавир
b Общее обозначение материала [Ноты]
e Сведения, относящиеся к заглавию 48 прелюдий и фуг
f Первые сведения об ответственности И. С. Бах
g Последующие сведения об ответственности ред. Б. Муджеллини
210 Выходные данные 1_
a Место издания Киев
c Издательство Музична Украiна
d Дата издания 1985-
215 Физическое описание __
d Формат 29 см
686 Индексы других классификаций __
a Классификационный индекс 85
2 Код системы rubbk
700 Автор _1
a Фамилия Бах
b Имя (инициалы) И. С.
g Полное личное имя Иоганн Себастьян
f Даты 1685-1750
702 Вторичная интеллектуальная ответственность _1
a Фамилия Муджеллини
b Имя (инициалы) Б.
4 Код отношения 340
801 Источник записи _0
a Страна RU
b Организация Ульяновская ОНБ
c Дата составления 20140524
g Правила каталогизации RCR
801 Источник записи _1
a Страна RU
b Организация Ульяновская ОНБ
c Дата составления 20140524
g Правила каталогизации RCR
901 Тип документа __
t Тип документа v
909 Создатель записи __
a Создатель записи Никитина Т. А.
938 Служебная информация __
a Имя БД noti
b Имя библиотеки УОНБ
c Имя АИБС МАРК-SQL
d Номер DOC_ID в БД 12195